| 000 | 00541nam a2200229Ia 4500 | ||
|---|---|---|---|
| 003 | OSt | ||
| 005 | 20140314130923.0 | ||
| 008 | 140130s9999 xx 000 0 und d | ||
| 020 | _a0590023810 | ||
| 050 |
_aPZ 7 _b.K83692Hi 1998 |
||
| 100 | _aKorman, Justine | ||
| 245 |
_cJustine Korman. _aHighway Trucks / |
||
| 260 |
_bScholastic, _c1998. _aNew York : |
||
| 300 |
_a30 p. : _bcol. ill. ; _c20 cm. |
||
| 440 | _v1 | ||
| 521 | _aG4 | ||
| 526 | _c690 | ||
| 942 |
_cBK _2lcc |
||
| 999 |
_c40757 _d40757 |
||